El sector minero en la provincia de Córdoba (Registro nro. 23166)

Detalles MARC
000 -LEADER
fixed length control field 00372 a2200121 4500
001 - CONTROL NUMBER
control field ART_10611
005 - DATE AND TIME OF LATEST TRANSACTION
control field 20260410161830.0
008 - FIXED-LENGTH DATA ELEMENTS--GENERAL INFORMATION
fixed length control field 260409a
100 1# - MAIN ENTRY--PERSONAL NAME
Personal name Valquez, Carlos S.
245 10 - TITLE STATEMENT
Title El sector minero en la provincia de Córdoba
700 1# - ADDED ENTRY--PERSONAL NAME
Personal name Perona, B. Eugenia
773 0# - HOST ITEM ENTRY
Title Actualidad Económica
Related parts - Año V, Nº 29 (nov./dic. 1995)
Record control number REV5083

No hay ítems disponibles.